Environmental sanitation, wastewater treatment and disposal (Record no. 496)

000 -LEADER
fixed length control field 00680nam a22002417a 4500
001 - CONTROL NUMBER
control field 496
003 - CONTROL NUMBER IDENTIFIER
control field BD-DhUET
008 - FIXED-LENGTH DATA ELEMENTS--GENERAL INFORMATION
fixed length control field 140722b xxu||||| |||| 00| 0 eng d
020 ## - INTERNATIONAL STANDARD BOOK NUMBER
International Standard Book Number 9789848920169
040 ## - CATALOGING SOURCE
Transcribing agency 0
Modifying agency BD-DhUET
082 ## - DEWEY DECIMAL CLASSIFICATION NUMBER
Classification number 628
Item number TAN / 2013
100 ## - MAIN ENTRY--PERSONAL NAME
Personal name Tanveer Ferdous Saeed
245 ## - TITLE STATEMENT
Title Environmental sanitation, wastewater treatment and disposal
250 ## - EDITION STATEMENT
Edition statement 1st ed.
260 ## - PUBLICATION, DISTRIBUTION, ETC. (IMPRINT)
Place of publication, distribution, etc. Dhaka
Name of publisher, distributor, etc. University Grants Commission of Bangladesh
Date of publication, distribution, etc. 2013
300 ## - PHYSICAL DESCRIPTION
Extent xvi, 343p. :
504 ## - BIBLIOGRAPHY, ETC. NOTE
Bibliography, etc Includes bibliographies
650 #0 - SUBJECT ADDED ENTRY--TOPICAL TERM
Topical term or geographic name as entry element Environmental engineering
650 #0 - SUBJECT ADDED ENTRY--TOPICAL TERM
Topical term or geographic name as entry element Sanitation engineering
700 ## - ADDED ENTRY--PERSONAL NAME
Personal name Abdullah Al-Muyeed
700 ## - ADDED ENTRY--PERSONAL NAME
Personal name Tanvir Ahmed
942 ## - ADDED ENTRY ELEMENTS (KOHA)
Koha item type General Book
Holdings
Koha normalized classification for sorting Copy number Damaged status Location (home branch) Price effective from Piece designation (barcode) Koha date last borrowed Koha full call number Lost status Withdrawn status Date acquired Koha date last seen Shelving location Source of classification or shelving scheme Koha item type Koha issues (times borrowed) Sublocation or collection (holding branch) Not for loan
628TAN20131 Central Library, BUET2014-07-22112448 628/TAN/2013  2014-07-222014-07-22Circulation section General Book Central Library, BUET 
628TAN20132 Central Library, BUET2014-07-22112449 628/TAN/2013  2014-07-222016-11-16Circulation section General Book Central Library, BUET 
628TAN20133 Central Library, BUET2014-07-22112450 628/TAN/2013  2014-07-222014-07-22Circulation section General Book Central Library, BUET 
628TAN20134 Central Library, BUET2014-07-22112451 628/TAN/2013  2014-07-222014-07-22Circulation section General Book Central Library, BUET 
628TAN20135 Central Library, BUET2014-07-22112452 628/TAN/2013  2014-07-222014-07-22Circulation section General Book Central Library, BUET 
628TAN20136 Central Library, BUET2014-07-22112453 628/TAN/2013  2014-07-222016-10-18Circulation section General Book Central Library, BUET 
628TAN20137 Central Library, BUET2014-07-22112454 628/TAN/2013  2014-07-222016-01-18Circulation section General Book Central Library, BUET 
628TAN20138 Central Library, BUET2014-07-221124552020-02-18628/TAN/2013  2014-07-222020-02-23Circulation section General Book1Central Library, BUET 
628TAN20139 Central Library, BUET2014-07-22112456 628/TAN/2013  2014-07-222014-07-22Circulation section General Book Central Library, BUET 
628TAN201310 Central Library, BUET2014-07-22112457 628/TAN/2013  2014-07-222016-12-03Circulation section General Book Central Library, BUET